|
|
|
|
| LEADER |
01335nam a2200325 a 4500 |
| 001 |
1979660 |
| 003 |
BD-DhAAL |
| 005 |
20250713145948.0 |
| 008 |
091115s1990 ctua 001 0 eng d |
| 010 |
|
|
|a \\\89007989
|
| 020 |
|
|
|a 0931816769
|
| 020 |
|
|
|a 0931816866 (pbk.)
|
| 040 |
|
|
|a DLC
|c DLC
|d DLC
|d BD-DhAAL
|
| 082 |
0 |
0 |
|a 658.3/1243
|2 20
|
| 100 |
1 |
|
|a Lynton, Rolf P.
|9 58731
|
| 245 |
1 |
0 |
|a Training for development /
|c Rolf P. Lynton and Udai Pareek.
|
| 250 |
|
|
|a Second edition.
|
| 260 |
|
|
|a West Hartford, Conn., USA :
|b Kumarian Press,
|c c1990.
|
| 300 |
|
|
|a xxviii, 333 pages :
|b illustrations ;
|c 24 cm.
|
| 490 |
0 |
|
|a Kumarian Press library of management for development
|
| 504 |
|
|
|a Includes bibliographical references and index.
|
| 526 |
|
|
|x Requisitioned by Faculties of BBS
Course name and no : N/A
|
| 541 |
1 |
|
|e 00019586
|a Karim International
|
| 650 |
|
0 |
|a Employees
|x Training of.
|
| 650 |
|
0 |
|a Management.
|
| 700 |
1 |
|
|a Pareek, Udai Narian,
|d 1925-
|9 58732
|
| 852 |
4 |
|
|a Ayesha Abed Library
|j General shelf
|
| 942 |
|
|
|2 ddc
|c BK
|
| 999 |
|
|
|c 5517
|d 5517
|
| 952 |
|
|
|0 0
|1 0
|2 ddc
|4 0
|6 658_312430000000000_LYN
|7 0
|9 5391
|a BRACUL
|b BRACUL
|c GEN
|d 2009-11-15
|e Karim International
|g 487.00
|l 1
|m 1
|o 658.31243 LYN
|p 3010019586
|r 2017-01-19
|s 2016-02-07
|t 1
|w 2009-11-15
|y BK
|x Requisitioned by Faculties of BBS. Course name and no. "not available".
|